| 000 | 00000nam 2200000zi 4500 |
| 001 | 9.936821 |
| 003 | CaOODSP |
| 005 | 20240501150509 |
| 006 | m o d f |
| 007 | cr mn||||||||| |
| 008 | 240415t20242024onc o f000 0 fre d |
| 020 | |a9780660713922 |
| 040 | |aCaOODSP|bfre|erda|cCaOODSP |
| 043 | |an-cn--- |
| 086 | 1 |aBT22-185/2024F-PDF |
| 245 | 00|aStratégie pour un gouvernement vert : |bune directive du gouvernement du Canada. |
| 264 | 1|aOttawa, Ontario : |bSecrétariat du Conseil du trésor du Canada = Treasury Board of Canada Secretariat, |c2024. |
| 264 | 4|c©2024 |
| 300 | |a1 ressource en ligne (33 pages non numérotées) |
| 336 | |atexte|btxt|2rdacontent/fre |
| 337 | |ainformatique|bc|2rdamedia/fre |
| 338 | |aressource en ligne|bcr|2rdacarrier/fre |
| 500 | |aPublié aussi en anglais sous le titre : Greening government strategy : a Government of Canada directive. |
| 500 | |a« Publié : le 2024-03-25. » |
| 650 | 6|aGaz à effet de serre|xRéduction|xPolitique gouvernementale|zCanada. |
| 650 | 6|aClimat|xChangements|xAtténuation|xPolitique gouvernementale|zCanada. |
| 650 | 6|aDéchets|xRéduction|xPolitique gouvernementale|zCanada. |
| 650 | 6|aEau|xConservation|xPolitique gouvernementale|zCanada. |
| 650 | 6|aBiodiversité|xConservation|xPolitique gouvernementale|zCanada. |
| 710 | 1 |aCanada. |bConseil du trésor, |eorganisme de publication. |
| 775 | 08|tGreening government strategy : |w(CaOODSP)9.936820 |
| 795 | |tStratégie pour un gouvernement vert : |b(2022-03-28)|w(CaOODSP)9.910196 |
| 856 | 40|qPDF|s353 Ko|uhttps://publications.gc.ca/collections/collection_2024/sct-tbs/BT22-185-2024-fra.pdf |
| 856 | 4 |qHTML|sS.O.|uhttps://www.canada.ca/fr/secretariat-conseil-tresor/services/innovation/ecologiser-gouvernement/strategie.html |